• 首页
  • 本馆介绍
  • 公告通知
  • 最新文献
  • 馆藏检索
  • 电子资源
  • 读者导购
  • 参考咨询
  • 我的图书馆
  • 登录
  • 详细信息显示
  • 放入我的书架
  • 预约/预借图书
  • 作者相关作品
  • 分类相关作品
  • 丛书相关作品
  • 出版社相关作品

书目信息

  • 表格格式
  • 工作单格式
  • 卡片格式
题名:
初中几何教案
    
 
作者: 傅佑珊 , 胡杞 主编
分册:   一年级
出版信息: 北京   北京师范大学出版社  1999.9
页数: 124页
开本: 26cm
丛书名: 课堂教学设计丛书
单 册:
中图分类: G633.63
科图分类:
主题词: 中学--几何课
电子资源:
ISBN: 7-303-02480-8
000 00748nam2 2200253 45
001 0004031572
005 20041229091601.6
010    @a7-303-02480-8@dCNY12.00
100    @a20000403d1999 km y0chiy0120 ea
101 0  @achi
105    @a z 000yy
200 1  @a初中几何教案@AChu Zhong Ji He Jiao An@i一年级@f傅佑珊,胡杞主编@FFu YouShan,Hu Qi Zhu Bian
210    @a北京@c北京师范大学出版社@d1999.9
215    @a124页@d26cm
225    @a课堂教学设计丛书
300    @a根据最新版九年义务教育教材编写
410    @12001 @a课堂教学设计丛书
517    @a一年级@AYi Nian Ji
606 0  @a中学@x几何课
690    @aG633.63@v1
701  0 @a傅佑珊@4主编
701  0 @a胡杞@4主编
801    @aCN@bTSTC@c20000406
905    @dG633.63@e283:1@f1@b287112
    
    初中几何教案.一年级/傅佑珊,胡杞主编.-北京:北京师范大学出版社,1999.9
    124页;26cm.-(课堂教学设计丛书)
    根据最新版九年义务教育教材编写
    
    ISBN 7-303-02480-8:CNY12.00
    
●
相关链接 在E读中查询图书 在五车中查询图书 在当当中查询图书 在豆瓣中查询图书


正题名:初中几何教案     索取号:G633.63/283:1         预约/预借

序号 登录号 条形码 馆藏地/架位号 状态 备注
1 0287093   002870931   第四借阅区/ [索取号:G633.63/283:1] 在馆    
2 0287094   002870940   第四借阅区/ [索取号:G633.63/283:1] 在馆    
3 0287095   002870959   第四借阅区/ [索取号:G633.63/283:1] 在馆    
4 0287096   002870968   第四借阅区/ [索取号:G633.63/283:1] 在馆    
5 0287097   002870977   第四借阅区/ [索取号:G633.63/283:1] 在馆    
6 0287098   002870986   第四借阅区/ [索取号:G633.63/283:1] 在馆    
7 0287099   002870995   第四借阅区/ [索取号:G633.63/283:1] 在馆    
8 0287100   002871002   第四借阅区/ [索取号:G633.63/283:1] 在馆    
9 0287101   002871011   第四借阅区/ [索取号:G633.63/283:1] 在馆    
10 0287102   002871020   第四借阅区/ [索取号:G633.63/283:1] 在馆    
11 0287103   002871039   第一样本阅览室/ [索取号:G633.63/283:1] 在馆    
12 0287104   002871048   第四借阅区/ [索取号:G633.63/283:1] 在馆    
13 0287105   002871057   第四借阅区/ [索取号:G633.63/283:1] 在馆    
14 0287106   002871066   第四借阅区/ [索取号:G633.63/283:1] 在馆    
15 0287107   002871075   第四借阅区/ [索取号:G633.63/283:1] 在馆    
16 0287108   002871084   第四借阅区/ [索取号:G633.63/283:1] 在馆    
17 0287109   002871093   第四借阅区/ [索取号:G633.63/283:1] 在馆    
18 0287110   002871100   第四借阅区/ [索取号:G633.63/283:1] 在馆    
19 0287111   002871119   第四借阅区/ [索取号:G633.63/283:1] 在馆    
20 0287112   002871128   第四借阅区/ [索取号:G633.63/283:1] 在馆    
唐山师范学院图书馆 欢迎您!
大连网信软件有限公司© 版权所有